| 000 | 01081cam a22001934a 4500 | ||
|---|---|---|---|
| 005 | 20250605164400.0 | ||
| 008 | 250528s ||||||||||||||||||||||||d | ||
| 035 | _a24537 | ||
| 040 |
_aGR-AtMCL _bgre _dGR-AtMCL _eAACR2 |
||
| 245 | 1 | _aΤο Κορυφαίο Διαδικτυακό Μέσο Επιρροής | |
| 260 | _c2014 | ||
| 300 | _a34 | ||
| 520 | _aΣκεφτόμαστε Διαφορετικά και Αρέσουμε, Η Μεταμόρφωση του CSR έχει Ξεκινήσει, Η Μεταμόρφωση του CSR έχει Ξεκινήσει, Θετικές Εξελίξεις με Οδηγούς Καινοτομία και Κρίση, Στρατηγική Marketing Βαριάς Φορολογίας, Κι Όμως Ευκαιρίες Υπάρχουν, Η Στρατηγική Δείχνει το Δρόμο προς την Επιτυχία, Νέα Δάνεια σε Φιλοκυβερνητικά ΜΜΕ. | ||
| 700 | 1 |
_aΚορδελάς Δημήτρης _99464 |
|
| 942 | _cCR | ||
| 710 | 2 |
_aThe Marketing Week _99825 |
|
| 999 |
_c9414 _d9414 |
||